| 000 | 00488nam a2200145 4500 | ||
|---|---|---|---|
| 001 | 122098 | ||
| 003 | ES-MaACL | ||
| 005 | 20230906191916.0 | ||
| 007 | t| | ||
| 008 | 070214s1919 xxu r ||||1| eng d | ||
| 100 | 1 |
_aPottenger, Francis Marion. _993389 |
|
| 245 | 1 | 0 |
_aSymptoms of Visceral Disease _b: study of the vegetative nervous system in its relationship to clinical medicine / _cFrancis Marion Pottenger. |
| 260 |
_aSt. Louis : _bC. V. Mosby, _c1919. |
||
| 852 |
_aES-MaACL _jB-11013 |
||
| 999 |
_c122098 _d122098 |
||